| 000 | 00668nam a2200205 a 4500 | ||
|---|---|---|---|
| 005 | 20210223125732.0 | ||
| 008 | 050919s2004 000 eng d | ||
| 020 | _a9682470455 | ||
| 035 | _aUPN01000140780 | ||
| 049 | _aCG | ||
| 050 | 4 |
_aHV875.58 M6 _bM4.2 |
|
| 100 | 1 |
_aMendoza Alexandry de Fuentes, Norma _936036 |
|
| 245 | 1 | 0 |
_aAdopción es familia : _bel proceso de adopción y su significado / _cNorma Mendoza Alexandry de Fuentes. |
| 260 |
_aMéxico : _bTrillas, _c2004. |
||
| 300 |
_a304 p. : _bil. |
||
| 650 | 4 |
_aADOPCION - _zMEXICO _91054 |
|
| 650 | 4 |
_aADOPCION - _xASPECTOS PSICOLOGICOS _9201 |
|
| 650 | 4 |
_aPADRES E HIJOS (DERECHO) _912634 |
|
| 905 | _aLibro | ||
| 999 |
_c112928 _d112928 |
||